000
00291nam a22001337a 4500
008
170306b xxu||||| |||| 00| 0 eng d
020
_a
9780534523725
041
_a
eng
080
_2
5 ED
_a
575
100
_a
6
101
_a
SHM
245
_a
HUMAN HEREDITY
_c
CUMMINGS.M.R
942
_2
udc
_c
BK
999
_c
6809
_d
6809